LEADER 01224nam a2200289 a 4500 001 000000127882 003 CaOOAMICUS 005 20120305113833.0 008 120305s1985 it u000 u ita r 020 $a88-01-16282-0 040 $aPUL$bita 082 04$a259 100 1 $aBarzaghi, Gioachino.$0(OLS)http://pul/name/81589 245 10$aTre secoli di storia e pastorale degli Oratori milanesi /$cGioachino Barzaghi. 260 $aLeumann ;$aTorino :$bElle Di Ci,$c1985. 300 $a460 p. ;$c24 cm. 504 $aBibliografia in nota. 650 4$aTeologia pastorale$xStoria$zMilano$ySec. XVII-XX.$0(OLS)http://pul/subject/38520 650 4$aOratorio$xStoria$zMilanoySec. XVII-XX.$0(OLS)http://pul/subject/38521 850 $aPUL 852 $aPUL$W1$xDP2 Religione 3$y114$m259 BARGI 2$j148024$qDDC 21$B146622$CPULBib$Z2$F146622 $H119220 $82 941 1 $a9 996 $6020$a88-01-16282-0$9(OLS)http://pul/number/149064 996 $6082$a259$9(OLS)http://pul/classification/1775 996 $6245$aTre secoli di storia e pastorale degli Oratori milanesi$9(OLS)http://pul/title/161609 996 $6260$aLeumann ;$aTorino :$bElle Di Ci$9(OLS)http://pul/publisher/77871 LEADER 01871nam a2200349 u 4500 001 000000049608 003 CaOOAMICUS 005 20070226115129.0 008 000706s1987 sz a u000 u ger u 020 $a3727805528 (Universitätsverlag) 020 $a3525539053 (Vandenhoeck) 035 $a10851735 040 $aPUL(R)$bita 245 00$aJerusalem :$bTexte, Bilder, steine in namen von Mitgliedern und Freunden des Biblischen Instituts der Universität Freiburg Schweiz /$cherausgegeben von Max Küchler und Chrustoph Uehlinger. 260 $aFreiburg Schweiz :$bUniversitätsverlag ;$aGöttingen :$bVandenhoeck & Ruprecht,$c1989. 300 $a233 p. :$bill., ;$c24 cm 490 1 $aNovum Testamentum et Orbis antiquus ;$v6 651 4$aGerusalemme$xStoria.$0(OLS)http://pul/subject/10582 700 1 $aUehlinger, Christoph.$0(OLS)http://pul/name/35851 700 1 $aKüchler, Max,$d1944-$0(OLS)http://pul/name/35850 830 0$aNovum Testamentum et Orbis antiquus ;$v6.$0(OLS)http://pul/title/8030 850 $aPUL 852 $aPUL$W1$xDP1 Fondo Ciprotti$y59$m1533 E 15$j65886$nBK-PRI$b $qFondi$B65886$CPULBib$Z2$F65886 $H $81 941 1 $a1 961 $aINV: 0326. Fondo Ciprotti 983 0$aNovum Testamentum et Orbis antiquus.$pStudien zur Umwelt des Neuen Testaments. 983 0$aNTOA. 996 $6020$a3727805528 (Universitätsverlag)$9(OLS)http://pul/number/62708 996 $6020$a3525539053 (Vandenhoeck)$9(OLS)http://pul/number/62709 996 $6245$aJerusalem :$bTexte, Bilder, steine in namen von Mitgliedern und Freunden des Biblischen Instituts der Universität Freiburg Schweiz$9(OLS)http://pul/title/66878 996 $6260$aFreiburg Schweiz :$bUniversitätsverlag$9(OLS)http://pul/publisher/50908 996 $6260$aGöttingen :$bVandenhoeck & Ruprecht$9(OLS)http://pul/publisher/47973